000 00258nam a2200097Ia 4500
001 641988
005 20250826153518.0
008 250824s9999 xx 000 0 und d
245 0 _aLEVENT VE TAYFASI 17 HAYALET AVCISI
_cMUSTAFA ORAKÇI
260 _bTİMAŞ ÇOCUK
999 _c641988
_d641988